Countries of the ottoman royal family - Statistics

General Stats
  • This quiz has been taken 97 times
  • The average score is 10 of 14
Answer Stats
Hint Answer % Correct
Europe Bulgaria
84%
Europe Greece
84%
Asia/Europe Russia
84%
Europe Romania
80%
Europe Serbia
80%
Europe Turkey
80%
Europe Bosnia
74%
Europe Albania
73%
Europe Ukraine
69%
Europe Italy
66%
Europe Kosovo
58%
Asia Georgia
53%
Europe France
52%
Asia India
24%
No matching quizzes found
Score Distribution
Percent of People with Each Score
Percentile by Number Answered
Your Score History
You have not taken this quiz